<?xml version="1.0" encoding="UTF-8"?>
<record
    xmlns:xsi="http://www.w3.org/2001/XMLSchema-instance"
    xsi:schemaLocation="http://www.loc.gov/MARC21/slim http://www.loc.gov/standards/marcxml/schema/MARC21slim.xsd"
    xmlns="http://www.loc.gov/MARC21/slim">

  <leader>00404nam a22001697a 4500</leader>
  <controlfield tag="003">OSt</controlfield>
  <controlfield tag="008">240507b        |||||||| |||| 00| 0 eng d</controlfield>
  <datafield tag="020" ind1=" " ind2=" ">
    <subfield code="a">9789357461825</subfield>
  </datafield>
  <datafield tag="082" ind1=" " ind2=" ">
    <subfield code="a">658.84 SIE</subfield>
  </datafield>
  <datafield tag="100" ind1=" " ind2=" ">
    <subfield code="a">SINGH, Ram</subfield>
  </datafield>
  <datafield tag="245" ind1=" " ind2=" ">
    <subfield code="a"> Export And Import Management: Text And Cases</subfield>
  </datafield>
  <datafield tag="250" ind1=" " ind2=" ">
    <subfield code="a">2nd. ed.</subfield>
  </datafield>
  <datafield tag="260" ind1=" " ind2=" ">
    <subfield code="a">New Delhi, </subfield>
    <subfield code="b">Wiley,</subfield>
    <subfield code="c">2023</subfield>
  </datafield>
  <datafield tag="300" ind1=" " ind2=" ">
    <subfield code="a">552 p.</subfield>
  </datafield>
  <datafield tag="650" ind1=" " ind2=" ">
    <subfield code="a">MBA</subfield>
  </datafield>
  <datafield tag="942" ind1=" " ind2=" ">
    <subfield code="2">ddc</subfield>
    <subfield code="c">BK</subfield>
  </datafield>
  <datafield tag="999" ind1=" " ind2=" ">
    <subfield code="c">12648</subfield>
    <subfield code="d">12648</subfield>
  </datafield>
  <datafield tag="952" ind1=" " ind2=" ">
    <subfield code="0">0</subfield>
    <subfield code="1">0</subfield>
    <subfield code="2">ddc</subfield>
    <subfield code="4">0</subfield>
    <subfield code="7">0</subfield>
    <subfield code="8">MBA</subfield>
    <subfield code="a">PIET</subfield>
    <subfield code="b">PIET</subfield>
    <subfield code="d">2024-04-06</subfield>
    <subfield code="e">Zaffa Books and Distributors</subfield>
    <subfield code="f">In Rupees</subfield>
    <subfield code="g">949.00</subfield>
    <subfield code="k">ZBD0007</subfield>
    <subfield code="l">0</subfield>
    <subfield code="o">658.84 SIE</subfield>
    <subfield code="p">37141</subfield>
    <subfield code="r">2024-05-07 00:00:00</subfield>
    <subfield code="v">688.03</subfield>
    <subfield code="w">2024-04-06</subfield>
    <subfield code="y">REF</subfield>
  </datafield>
  <datafield tag="952" ind1=" " ind2=" ">
    <subfield code="0">0</subfield>
    <subfield code="1">0</subfield>
    <subfield code="2">ddc</subfield>
    <subfield code="4">0</subfield>
    <subfield code="7">0</subfield>
    <subfield code="8">MBA</subfield>
    <subfield code="a">PIET</subfield>
    <subfield code="b">PIET</subfield>
    <subfield code="d">2024-04-06</subfield>
    <subfield code="e">Zaffa Books and Distributors</subfield>
    <subfield code="f">In Rupees</subfield>
    <subfield code="g">949.00</subfield>
    <subfield code="k">ZBD0007</subfield>
    <subfield code="l">1</subfield>
    <subfield code="o">658.84 SIE</subfield>
    <subfield code="p">37142</subfield>
    <subfield code="q">2025-08-18</subfield>
    <subfield code="r">2025-01-29 00:00:00</subfield>
    <subfield code="s">2025-01-29</subfield>
    <subfield code="v">688.03</subfield>
    <subfield code="w">2024-04-06</subfield>
    <subfield code="y">BK</subfield>
  </datafield>
  <datafield tag="952" ind1=" " ind2=" ">
    <subfield code="0">0</subfield>
    <subfield code="1">0</subfield>
    <subfield code="2">ddc</subfield>
    <subfield code="4">0</subfield>
    <subfield code="7">0</subfield>
    <subfield code="8">MBA</subfield>
    <subfield code="a">PIET</subfield>
    <subfield code="b">PIET</subfield>
    <subfield code="d">2024-04-06</subfield>
    <subfield code="e">Zaffa Books and Distributors</subfield>
    <subfield code="f">In Rupees</subfield>
    <subfield code="g">949.00</subfield>
    <subfield code="k">ZBD0007</subfield>
    <subfield code="l">0</subfield>
    <subfield code="o">658.84 SIE</subfield>
    <subfield code="p">37143</subfield>
    <subfield code="r">2024-05-07 00:00:00</subfield>
    <subfield code="v">688.03</subfield>
    <subfield code="w">2024-04-06</subfield>
    <subfield code="y">BK</subfield>
  </datafield>
  <datafield tag="952" ind1=" " ind2=" ">
    <subfield code="0">0</subfield>
    <subfield code="1">0</subfield>
    <subfield code="2">ddc</subfield>
    <subfield code="4">0</subfield>
    <subfield code="7">0</subfield>
    <subfield code="8">MBA</subfield>
    <subfield code="a">PIET</subfield>
    <subfield code="b">PIET</subfield>
    <subfield code="d">2024-04-06</subfield>
    <subfield code="e">Zaffa Books and Distributors</subfield>
    <subfield code="f">In Rupees</subfield>
    <subfield code="g">949.00</subfield>
    <subfield code="k">ZBD0007</subfield>
    <subfield code="l">0</subfield>
    <subfield code="o">658.84 SIE</subfield>
    <subfield code="p">37144</subfield>
    <subfield code="r">2024-05-07 00:00:00</subfield>
    <subfield code="v">688.03</subfield>
    <subfield code="w">2024-04-06</subfield>
    <subfield code="y">BK</subfield>
  </datafield>
  <datafield tag="952" ind1=" " ind2=" ">
    <subfield code="0">0</subfield>
    <subfield code="1">0</subfield>
    <subfield code="2">ddc</subfield>
    <subfield code="4">0</subfield>
    <subfield code="7">0</subfield>
    <subfield code="8">MBA</subfield>
    <subfield code="a">PIET</subfield>
    <subfield code="b">PIET</subfield>
    <subfield code="d">2024-04-06</subfield>
    <subfield code="e">Zaffa Books and Distributors</subfield>
    <subfield code="f">In Rupees</subfield>
    <subfield code="g">949.00</subfield>
    <subfield code="k">ZBD0007</subfield>
    <subfield code="l">1</subfield>
    <subfield code="o">658.84 SIE</subfield>
    <subfield code="p">37145</subfield>
    <subfield code="r">2025-01-23 00:00:00</subfield>
    <subfield code="s">2024-09-16</subfield>
    <subfield code="v">688.03</subfield>
    <subfield code="w">2024-04-06</subfield>
    <subfield code="y">BK</subfield>
  </datafield>
</record>
